000 00215nam a22000857a 4500
008 161116b xxu||||| |||| 00| 0 eng d
100 _91231
_aCBSE
245 _aEnglish Main Course Book-IX
260 _aNew Delhi
_bCBSE
_c2011
999 _c3923
_d3923